000
00334nam a22001577a 4500
005
20160628151135.0
008
160628b xxu||||| |||| 00| 0 eng d
020
_a
978-1-59139-111-1
041
_a
eng
082
_b
10939
245
_a
Negotiation
260
_b
Harvard
300
_a
141
650
_a
Management
_9
241
942
_c
BK
999
_c
4506
_d
4505